000 01456nam2a2200253 4500
001 rc\4099644
005 20260611133238.0
035 _a(NLR Aleph) 007974563
090 _a8480972
_c8480972
100 _a20130415d1962 km|y0rusy50 ba
101 0 _arus
102 _aRU
105 _aab i 000yy
200 1 _aБассейны рек Кавказа
_hВып. 0–1
_f... Северо-Кавказское управление гидрометеорологической службы
_gпод редакцией Н. Е. Деточенко
210 _d1962
215 _a346, [2] с., [2] л. карт
_cтабл.
461 0 _1001rc\4368895
_12001#$aГидрологический ежегодник, 1960 г.$e[результаты наблюдений]$fГлавное управление гидрометеорологической службы при Совете Министров СССР$vТ. 3
_98543158
_cЛенинград [Санкт-Петербург]
_d1962–1964
_fГлавное управление гидрометеорологической службы при Совете Министров СССР
_nГИМИЗ
_o[результаты наблюдений]
_tГидрологический ежегодник, 1960 г.
_vТ. 3
702 1 _aДеточенко
_bН. Е.
_4340
801 0 _aRU
_bNLR
_gpsbo
801 1 _aRU
_bELAR
_2rusmarc
852 _aNLR
_j62-10/151
942 _cBOOK
980 _aNB